00508nam a22001692 4500001001100000005001700011008004100028020001700069040001500086245006200101250001300163260003600176300001800212650007200230700003300302852000300335000001357020151217152126.0090924s xx 000 0 eng d a1589063600 : aKABUcKABU14aThe Macroeconomics of HIV/AIDS /ceditor, Markus Haacker. a1st ed. aWashington D. C. :bIMF,c2004. axvii, 344 p. 0aAIDS (Disease)xEconomic aspectszDeveloping countries.@00001665671 aHaacker, Markus.@00001710191